书目信息 |
| 题名: |
德育的价值与实现
|
|
| 作者: | 迟希新 著 | |
| 分册: | ||
| 出版信息: | 杭州 浙江教育出版社 2022.06 |
|
| 页数: | 258页 | |
| 开本: | 24cm | |
| 丛书名: | 新时代立德树人理论探索书系 | |
| 单 册: | ||
| 中图分类: | G410 | |
| 科图分类: | ||
| 主题词: | 青少年教育--德育--研究--中国 | |
| 电子资源: | ||
| ISBN: | 978-7-5722-3632-7 | |
| 000 | 00943nam0 2200253 450 | |
| 001 | 012001001372 | |
| 005 | 20141202142108.0 | |
| 010 | @a978-7-5722-3632-7@dCNY50.00 | |
| 100 | @a20220905d2022 em y0chiy50 ea | |
| 101 | 0 | @achi |
| 102 | @aCN@b330000 | |
| 105 | @ay v 000yy | |
| 106 | @ar | |
| 200 | 1 | @a德育的价值与实现@Ade yu de jia zhi yu shi xian@e青少年反社会行为德育归因与应对@f迟希新著 |
| 210 | @a杭州@c浙江教育出版社@d2022.06 | |
| 215 | @a258页@d24cm | |
| 225 | 1 | @a新时代立德树人理论探索书系@f檀传宝主编 |
| 300 | @a国家出版基金项目 | |
| 330 | @a本书共五章,内容包括:青少年反社会行为的行为特征与群体症候、青少年反社会行为归因理论研究述评、青少年反社会行为的内部归因、青少年反社会行为的道德调控机制、青少年反社会行为德育干预策略的实践建构。 | |
| 606 | 0 | @a青少年教育@x德育@x研究@y中国 |
| 690 | @aG410@v5 | |
| 701 | 0 | @a迟希新@Achi xi xin@f(1964~)@4著 |
| 801 | 0 | @aCN@bAHXH@c20221111 |
| 905 | @b1371000-4@dG410@e109@f5 | |
| 德育的价值与实现:青少年反社会行为德育归因与应对/迟希新著.-杭州:浙江教育出版社,2022.06 |
| 258页;24cm.-(新时代立德树人理论探索书系/檀传宝主编) |
| 国家出版基金项目 |
| ISBN 978-7-5722-3632-7:CNY50.00 |
| 本书共五章,内容包括:青少年反社会行为的行为特征与群体症候、青少年反社会行为归因理论研究述评、青少年反社会行为的内部归因、青少年反社会行为的道德调控机制、青少年反社会行为德育干预策略的实践建构。 |
| ● |
| 相关链接 |
|
|
|
|
正题名:德育的价值与实现
索取号:G410/109
 
预约/预借
| 序号 | 登录号 | 条形码 | 馆藏地/架位号 | 状态 | 备注 |
| 1 | 1371000 | 213710000 | 第一样本阅览室/ [索取号:G410/109] | 在馆 | |
| 2 | 1371001 | 213710019 | 教育系资料室/ [索取号:G410/109] | 在馆 | |
| 3 | 1371002 | 213710028 | 教育系资料室/ [索取号:G410/109] | 在馆 | |
| 4 | 1371003 | 213710037 | 第四借阅区/ [索取号:G410/109] | 在馆 | |
| 5 | 1371004 | 213710046 | 第四借阅区/ [索取号:G410/109] | 在馆 |